000
00289nam a22001097a 4500
008
160618b xxu||||| |||| 00| 0 eng d
100
_9
18
_a
Lady Bird
245
_a
Read Togethe
_b
Old Macdonald's Farm
260
_a
USA
_b
Lady Bird
300
_a
Read Together;Old Macdonald's Farm
942
_2
ddc
_c
BK
999
_c
18
_d
18